000 005330000a22001690004500
090 _aAR
_b00895
245 1 0 _aVascular flora of the la selva biological station, Costa Rica Rubiaceae
650 1 4 _aPlantas vasculares
_992265
650 1 4 _aBiodiversidad
_992204
650 1 4 _aInventarios de vegetación
_993148
650 1 4 _aSistemática vegetal
_95234
651 4 _lLa Selva
_dHeredia
_pCosta Rica
_992749
041 0 _aInglés
100 1 _aTaylor, Charlotte M.
_99073
942 _cARTICULO
773 1 _tSelbyana
_3247
_h12
_q141-190
_d1991
999 _c9983
_d9983